[Event "NZL-ch Seniors Spiller Memorial"]
[Site "Howick"]
[Date "2022.08.19"]
[Round "2"]
[White "McLaren, Leonard"]
[Black "Spiller, Paul"]
[Result "1-0"]
[WhiteElo "2090"]
[BlackElo "1901"]
[PlyCount "69"]
[EventDate "2022.08.18"]
[EventType "swiss"]
[EventRounds "6"]
[EventCountry "NZL"]
[SourceTitle "EXT 2024"]
[Source "ChessBase"]
[SourceDate "2023.10.10"]
[SourceVersion "1"]
[SourceVersionDate "2023.10.10"]
[SourceQuality "1"]

1. e4 c5 2. c3 d5 3. exd5 Qxd5 4. d4 Nf6 5. Nf3 e6 6. Be3 cxd4 7. cxd4 Nc6 8. Nc3 Qa5 9. Be2 Be7 10. 0-0 0-0 11. a3 a6 12. b4 Qd8 13. Rc1 b5 14. Ne5 Bb7 15. Bf3 Qe8 16. Qb3 Nd8 17. Rfe1 Bxf3 18. Nxf3 Qd7 19. Ne5 Qb7 20. Bg5 h6 21. Bxf6 gxf6 22. Nf3 Kh7 23. Qc2+ f5 24. Ne2 Bd6 25. d5 Rg8 26. Red1 Rg4 27. Qd3 Bf4 28. Rc2 Bg5 29. dxe6 fxe6 30. Qd7+ Qxd7 31. Rxd7+ Kg8 32. Nxg5 Rxg5 33. Rcc7 e5 34. Re7 f4 35. Re8# 1-0

[Event "NZL-ch Rapid"]
[Site "Palmerston North"]
[Date "2021.01.11"]
[Round "2"]
[White "Ker, Anthony F"]
[Black "Spiller, Paul"]
[Result "1-0"]
[WhiteElo "2341"]
[BlackElo "1934"]
[PlyCount "55"]
[EventDate "2021.01.11"]
[EventType "swiss (rapid)"]
[EventRounds "9"]
[EventCountry "NZL"]
[SourceTitle "EXT 2024"]
[Source "ChessBase"]
[SourceDate "2023.10.10"]
[SourceVersion "1"]
[SourceVersionDate "2023.10.10"]
[SourceQuality "1"]

1. e4 c6 2. d4 d5 3. exd5 cxd5 4. Bd3 Nc6 5. c3 g6 6. Nf3 Bg7 7. Bf4 Nh6 8. Nbd2 0-0 9. h3 f6 10. c4 e5 11. dxe5 fxe5 12. Bg5 Qa5 13. cxd5 Nb4 14. Be4 Bf5 15. 0-0 Bxe4 16. Nxe4 Qxd5 17. Qxd5+ Nxd5 18. Rfd1 Nb6 19. Rac1 Rac8 20. Nd6 Rxc1 21. Rxc1 Nf5 22. Ne4 Nd5 23. Rc5 Nf4 24. Rc7 Nd4 25. Nxd4 exd4 26. Rxb7 d3 27. Rxa7 Bxb2 28. Rd7 1-0

[Event "Oceania zt"]
[Site "Tumon"]
[Date "2019.02.23"]
[Round "9"]
[White "Spiller, Paul"]
[Black "Santos, Almer"]
[Result "1/2-1/2"]
[WhiteElo "1908"]
[BlackElo "1665"]
[PlyCount "26"]
[EventDate "2019.02.18"]
[EventType "swiss"]
[EventRounds "9"]
[EventCountry "GMA"]
[SourceTitle "CBM 189 Extra"]
[Source "ChessBase"]
[SourceDate "2019.05.31"]
[SourceVersion "1"]
[SourceVersionDate "2019.05.31"]
[SourceQuality "1"]

1. e4 d6 2. d4 Nf6 3. Nc3 g6 4. f4 Bg7 5. Nf3 0-0 6. Bd3 Nc6 7. d5 Nb8 8. 0-0 c6 9. Qe1 Bg4 10. Qh4 Bxf3 11. Rxf3 Nbd7 12. dxc6 bxc6 13. Be3 Qa5 1/2-1/2

[Event "Oceania zt"]
[Site "Tumon"]
[Date "2019.02.22"]
[Round "7"]
[White "Spiller, Paul"]
[Black "Buciu, Aurel John"]
[Result "1-0"]
[WhiteElo "1908"]
[BlackElo "1758"]
[PlyCount "53"]
[EventDate "2019.02.18"]
[EventType "swiss"]
[EventRounds "9"]
[EventCountry "GMA"]
[SourceTitle "CBM 189 Extra"]
[Source "ChessBase"]
[SourceDate "2019.05.31"]
[SourceVersion "1"]
[SourceVersionDate "2019.05.31"]
[SourceQuality "1"]

1. f4 d5 2. b3 Bf5 3. Bb2 e6 4. Nf3 Nd7 5. e3 h6 6. Be2 Ngf6 7. 0-0 Bd6 8. Ne5 Bxe5 9. fxe5 Ne4 10. d3 Nec5 11. Nd2 Qg5 12. Rf3 Bg4 13. Rg3 h5 14. Bxg4 hxg4 15. Qxg4 Qe7 16. Qxg7 0-0-0 17. Qg5 Qe8 18. Qg7 Qe7 19. Rf1 Nxd3 20. cxd3 Qc5 21. Rxf7 Qc2 22. Rxd7 Rdf8 23. Rxc7+ Qxc7 24. Qxc7+ Kxc7 25. Rg6 Rf5 26. Rxe6 Rc8 27. Rf6 1-0

[Event "Oceania zt"]
[Site "Tumon"]
[Date "2019.02.19"]
[Round "3"]
[White "Spiller, Paul"]
[Black "Ng, Clive"]
[Result "0-1"]
[WhiteElo "1908"]
[BlackElo "2051"]
[PlyCount "64"]
[EventDate "2019.02.18"]
[EventType "swiss"]
[EventRounds "9"]
[EventCountry "GMA"]
[SourceTitle "CBM 189 Extra"]
[Source "ChessBase"]
[SourceDate "2019.05.31"]
[SourceVersion "1"]
[SourceVersionDate "2019.05.31"]
[SourceQuality "1"]

1. e4 c5 2. Nc3 Nc6 3. Nf3 e5 4. Bc4 d6 5. h3 Be7 6. d3 Nf6 7. Be3 a6 8. a4 Nd4 9. 0-0 0-0 10. Nd5 Be6 11. Nxe7+ Qxe7 12. Bg5 h6 13. Bxf6 Qxf6 14. Nxd4 cxd4 15. Qd2 Bxc4 16. dxc4 Qg6 17. Qe2 f5 18. f3 Rac8 19. b3 Rc7 20. Rae1 Rcf7 21. exf5 Rxf5 22. Qe4 Qf7 23. Qd3 Rg5 24. Re4 h5 25. Kh2 Qg6 26. g4 hxg4 27. hxg4 Rf6 28. Kg2 Rh5 29. Rh1 Rxh1 30. Kxh1 Qh7+ 31. Kg1 Rh6 32. Kf2 Rh1 0-1

[Event "Asia-ch Seniors 50 8th"]
[Site "Auckland"]
[Date "2017.10.12"]
[Round "6"]
[White "Spiller, Paul"]
[Black "Forster, William"]
[Result "1/2-1/2"]
[WhiteElo "1933"]
[BlackElo "1959"]
[PlyCount "33"]
[EventDate "2017.10.09"]
[EventType "swiss"]
[EventRounds "9"]
[EventCountry "NZL"]
[SourceTitle "CBM 181 Extra"]
[Source "ChessBase"]
[SourceDate "2017.12.12"]
[SourceVersion "1"]
[SourceVersionDate "2017.12.12"]
[SourceQuality "1"]

1. f4 d5 2. b3 c5 3. e3 Nf6 4. Bb2 e6 5. Nf3 a6 6. g3 b5 7. a4 b4 8. Bg2 Bb7 9. 0-0 Be7 10. Qe2 0-0 11. d3 Nbd7 12. Nbd2 Re8 13. e4 d4 14. Nc4 Nf8 15. Bh3 Ra7 16. Nce5 N6d7 17. f5 1/2-1/2

[Event "Fiji op 2nd"]
[Site "Suva"]
[Date "2016.08.17"]
[Round "7"]
[White "Lane, Gary William"]
[Black "Spiller, Paul"]
[Result "1-0"]
[WhiteElo "2398"]
[BlackElo "1910"]
[PlyCount "67"]
[EventDate "2016.08.14"]
[EventType "swiss"]
[EventRounds "7"]
[EventCountry "FIJ"]
[SourceTitle "CBM 174 Extra"]
[Source "ChessBase"]
[SourceDate "2016.10.10"]
[SourceVersion "1"]
[SourceVersionDate "2016.10.10"]
[SourceQuality "1"]

1. e4 c6 2. d4 d5 3. Nd2 dxe4 4. Nxe4 Nf6 5. Nxf6+ gxf6 6. c3 Bf5 7. Ne2 h5 8. h4 e6 9. Ng3 Bg4 10. f3 Bd6 11. Ne4 Bf5 12. Nxd6+ Qxd6 13. Be3 Nd7 14. Qd2 0-0-0 15. 0-0-0 Qg3 16. Qf2 Qg6 17. Rg1 Rhg8 18. b3 a6 19. c4 c5 20. d5 b6 21. Rd2 Kb7 22. Be2 Ne5 23. Bf4 exd5 24. cxd5 Nd3+ 25. Bxd3 Bxd3 26. Qe3 Bf5 27. Re1 Rd7 28. Kb2 Rc8 29. Rc1 Rcd8 30. Rcd1 Rc8 31. Qc3 b5 32. Rc1 Kb6 33. Be3 Rdc7 34. b4 1-0

[Event "Fiji op 2nd"]
[Site "Suva"]
[Date "2016.08.16"]
[Round "5"]
[White "Spiller, Paul"]
[Black "James, Jack"]
[Result "1/2-1/2"]
[WhiteElo "1910"]
[BlackElo "1996"]
[PlyCount "47"]
[EventDate "2016.08.14"]
[EventType "swiss"]
[EventRounds "7"]
[EventCountry "FIJ"]
[SourceTitle "CBM 174 Extra"]
[Source "ChessBase"]
[SourceDate "2016.10.10"]
[SourceVersion "1"]
[SourceVersionDate "2016.10.10"]
[SourceQuality "1"]

1. e4 d5 2. exd5 Nf6 3. Bb5+ Nbd7 4. Nc3 a6 5. Be2 Nb6 6. Nf3 Nbxd5 7. Nxd5 Nxd5 8. d4 Bf5 9. c4 Nf6 10. 0-0 e6 11. Ne5 Nd7 12. Qb3 Nxe5 13. dxe5 Be4 14. Rd1 Qc8 15. Bg5 Be7 16. Bxe7 Kxe7 17. Qe3 Bc6 18. Qc5+ Ke8 19. Rd2 g5 20. Rad1 Rg8 21. Qd4 Ke7 22. Qc5+ Ke8 23. Qd4 Ke7 24. Qc5+ 1/2-1/2

[Event "Fiji op 2nd"]
[Site "Suva"]
[Date "2016.08.15"]
[Round "4"]
[White "Bennett, Hilton Petrie"]
[Black "Spiller, Paul"]
[Result "1/2-1/2"]
[WhiteElo "1956"]
[BlackElo "1910"]
[PlyCount "41"]
[EventDate "2016.08.14"]
[EventType "swiss"]
[EventRounds "7"]
[EventCountry "FIJ"]
[SourceTitle "CBM 174 Extra"]
[Source "ChessBase"]
[SourceDate "2016.10.10"]
[SourceVersion "1"]
[SourceVersionDate "2016.10.10"]
[SourceQuality "1"]

1. Nf3 Nf6 2. g3 g6 3. Bg2 Bg7 4. 0-0 0-0 5. d3 d6 6. e4 Nbd7 7. Nc3 e5 8. h3 h6 9. Be3 Kh7 10. d4 Qe7 11. dxe5 dxe5 12. Qe2 b6 13. a4 a5 14. Rfd1 Bb7 15. Ne1 Ba6 16. Qf3 Rad8 17. Bf1 Bb7 18. Bg2 Ba6 19. Bf1 Bb7 20. Bg2 Ba6 21. Bf1 1/2-1/2

[Event "NZL-ch Seniors"]
[Site "Howick"]
[Date "2014.04.07"]
[Round "7"]
[White "Spiller, Paul"]
[Black "Garbett, Paul Anthony"]
[Result "0-1"]
[WhiteElo "1954"]
[BlackElo "2255"]
[PlyCount "100"]
[EventDate "2014.04.04"]
[EventType "swiss"]
[EventRounds "7"]
[EventCountry "NZL"]
[SourceTitle "EXT 2018"]
[Source "ChessBase"]
[SourceDate "2017.10.13"]
[SourceVersion "1"]
[SourceVersionDate "2017.10.13"]
[SourceQuality "1"]

1. f4 d5 2. b3 Bg4 3. Bb2 Nc6 4. g3 e5 5. fxe5 f6 6. e6 Qd6 7. Nh3 Qxe6 8. Nf4 Qf7 9. Bg2 0-0-0 10. Nc3 Nge7 11. 0-0 Kb8 12. h3 Bc8 13. e4 d4 14. Ncd5 Ng6 15. Qh5 Nce5 16. Nxg6 Qxg6 17. Qh4 c6 18. Nf4 Qe8 19. Qh5 Bc5 20. Qxe8 Rhxe8 21. d3 Bb6 22. a4 Ba5 23. Rad1 Bb4 24. Ne2 c5 25. Nf4 Be6 26. Bc1 Bf7 27. Nd5 Bxd5 28. exd5 Kc8 29. Be4 Kc7 30. Kh2 Rd7 31. Bf4 Kd8 32. Rf2 Ba5 33. Bxe5 Rxe5 34. Bxh7 Rdxd5 35. Be4 Rd7 36. Rdf1 Rde7 37. Rf5 Bc7 38. Rxe5 Bxe5 39. Kg2 g6 40. g4 g5 41. Rf5 Kc7 42. Rf1 Kb6 43. Kf3 Ka5 44. Rf2 Kb4 45. Kg2 Kc3 46. Kf3 Bf4 47. h4 Be3 48. Rh2 gxh4 49. Rxh4 Kxc2 50. Rh1 Bg5 0-1

[Event "NZL-ch Seniors"]
[Site "Howick"]
[Date "2014.04.06"]
[Round "6"]
[White "Smith, Robert Wayne"]
[Black "Spiller, Paul"]
[Result "1-0"]
[WhiteElo "2250"]
[BlackElo "1954"]
[PlyCount "57"]
[EventDate "2014.04.04"]
[EventType "swiss"]
[EventRounds "7"]
[EventCountry "NZL"]
[SourceTitle "EXT 2018"]
[Source "ChessBase"]
[SourceDate "2017.10.13"]
[SourceVersion "1"]
[SourceVersionDate "2017.10.13"]
[SourceQuality "1"]

1. d4 Nf6 2. Nf3 d5 3. c4 c6 4. e3 e6 5. Bd3 a6 6. Nbd2 dxc4 7. Nxc4 c5 8. dxc5 Bxc5 9. 0-0 Nc6 10. Qe2 0-0 11. b3 b5 12. Nce5 Nxe5 13. Nxe5 Bb7 14. Bb2 Qe7 15. a4 bxa4 16. Rxa4 Rab8 17. Ng4 Nxg4 18. Qxg4 f5 19. Qe2 e5 20. Bxa6 Bxa6 21. Rxa6 Rxb3 22. Bxe5 Qf7 23. Qf3 h6 24. Qc6 Ba3 25. Bd4 Be7 26. Ra7 Rbb8 27. Rc7 Kh7 28. Bc5 Rbe8 29. Qd7 1-0

[Event "NZL-ch Seniors"]
[Site "Howick"]
[Date "2014.04.04"]
[Round "1"]
[White "Spiller, Paul"]
[Black "Booth, Anthony"]
[Result "1-0"]
[WhiteElo "1954"]
[BlackElo "1783"]
[PlyCount "62"]
[EventDate "2014.04.04"]
[EventType "swiss"]
[EventRounds "7"]
[EventCountry "NZL"]
[SourceTitle "EXT 2018"]
[Source "ChessBase"]
[SourceDate "2017.10.13"]
[SourceVersion "1"]
[SourceVersionDate "2017.10.13"]
[SourceQuality "1"]

1. f4 d5 2. b3 Bf5 3. e3 e6 4. Bb2 Nf6 5. Nf3 Nbd7 6. Be2 Be7 7. 0-0 0-0 8. Nh4 Ne4 9. Nxf5 exf5 10. Bf3 Bf6 11. c3 c5 12. d3 Nd6 13. Bxd5 Nb6 14. Bf3 Re8 15. Re1 Qc7 16. Nd2 Rad8 17. Qc2 Nb5 18. a4 Nd6 19. e4 fxe4 20. dxe4 Be7 21. c4 Ndc8 22. e5 Bf8 23. Rad1 Ne7 24. Ne4 Nd7 25. Ng5 Ng6 26. e6 f6 27. Nf7 Rb8 28. exd7 Rxe1+ 29. Rxe1 Qxd7 30. Bd5 Qxf7 31. Bxf7+ Kxf7 1-0

[Event "NZL-ch Seniors"]
[Site "Howick"]
[Date "2014.04.04"]
[Round "2"]
[White "Stuart, Peter W"]
[Black "Spiller, Paul"]
[Result "1/2-1/2"]
[WhiteElo "2029"]
[BlackElo "1954"]
[PlyCount "22"]
[EventDate "2014.04.04"]
[EventType "swiss"]
[EventRounds "7"]
[EventCountry "NZL"]
[SourceTitle "EXT 2018"]
[Source "ChessBase"]
[SourceDate "2017.10.13"]
[SourceVersion "1"]
[SourceVersionDate "2017.10.13"]
[SourceQuality "1"]

1. c4 f5 2. g3 Nf6 3. Bg2 e6 4. e3 Be7 5. Nc3 0-0 6. Nge2 c6 7. d3 d5 8. 0-0 Bd6 9. b3 Qe7 10. Qc2 b6 11. Bb2 Bb7 1/2-1/2

[Event "Oceania zt"]
[Site "Nadi"]
[Date "2013.05.09"]
[Round "8"]
[White "Adricula, Noel A"]
[Black "Spiller, Paul"]
[Result "0-1"]
[WhiteElo "1654"]
[BlackElo "1987"]
[PlyCount "68"]
[EventDate "2013.05.05"]
[EventType "swiss"]
[EventRounds "9"]
[EventCountry "FIJ"]
[SourceTitle "CBM 154 Extra"]
[Source "ChessBase"]
[SourceDate "2013.06.25"]
[SourceVersion "2"]
[SourceVersionDate "2013.06.25"]
[SourceQuality "1"]

1. e4 d6 2. Nf3 g6 3. Bc4 Bg7 4. c3 a6 5. d3 b5 6. Bd5 c6 7. Bb3 e6 8. Be3 Bb7 9. 0-0 Nd7 10. Re1 c5 11. Nbd2 Ne7 12. Ng5 d5 13. Qf3 Ne5 14. Qf4 h6 15. Ndf3 Nxf3+ 16. Nxf3 Rc8 17. Rad1 Qc7 18. e5 Nf5 19. Bc1 d4 20. g4 g5 21. Qd2 Bxf3 22. gxf5 Bxe5 23. Rxe5 Qxe5 24. fxe6 Qf5 25. exf7+ Kd7 26. Qc2 Qh3 27. Be6+ Qxe6 28. Kf1 Qh3+ 29. Ke1 Qg2 30. Bf4 Qg1+ 31. Kd2 Qxf2+ 32. Kc1 Qxc2+ 33. Kxc2 Bxd1+ 34. Kxd1 gxf4 0-1

[Event "Oceania zt"]
[Site "Nadi"]
[Date "2013.05.05"]
[Round "2"]
[White "Johansen, Darryl Keith"]
[Black "Spiller, Paul"]
[Result "1-0"]
[WhiteElo "2430"]
[BlackElo "1987"]
[PlyCount "63"]
[EventDate "2013.05.05"]
[EventType "swiss"]
[EventRounds "9"]
[EventCountry "FIJ"]
[SourceTitle "CBM 154 Extra"]
[Source "ChessBase"]
[SourceDate "2013.06.25"]
[SourceVersion "2"]
[SourceVersionDate "2013.06.25"]
[SourceQuality "1"]

1. c4 f5 2. g3 Nf6 3. Bg2 e6 4. d4 Bb4+ 5. Nd2 c5 6. Ngf3 cxd4 7. Nxd4 Nc6 8. Nc2 Be7 9. 0-0 d5 10. cxd5 exd5 11. Nf3 Ne4 12. Ncd4 Bf6 13. Be3 0-0 14. Rc1 Qa5 15. a3 Nxd4 16. Bxd4 Bd7 17. Bxf6 Nxf6 18. Ne5 Be6 19. Qb3 Rfe8 20. Nd3 Ne4 21. Qxb7 Qd2 22. Rc7 Nd6 23. Qc6 Ne4 24. Nf4 Bf7 25. Qd7 Rf8 26. Bxe4 fxe4 27. Ne6 Qxb2 28. Nxf8 Rxf8 29. Rc8 Qxa3 30. Rxf8+ Kxf8 31. Qd8+ Be8 32. Qxd5 1-0

[Event "Kuala Lumpur op 7th"]
[Site "Kuala Lumpur"]
[Date "2010.09.04"]
[Round "5"]
[White "Spiller, Paul"]
[Black "Fong, Yit San"]
[Result "1-0"]
[WhiteElo "1986"]
[BlackElo "1947"]
[PlyCount "53"]
[EventDate "2010.09.01"]
[EventType "swiss"]
[EventRounds "9"]
[EventCountry "MAS"]
[SourceTitle "CBM 138 Extra"]
[Source "ChessBase"]
[SourceDate "2010.10.29"]
[SourceVersion "1"]
[SourceVersionDate "2010.10.29"]
[SourceQuality "1"]

1. e4 c5 2. Nf3 d6 3. d4 cxd4 4. Qxd4 Nc6 5. Bb5 Bd7 6. Bxc6 bxc6 7. Qc4 e5 8. Qd3 g6 9. Nc3 f5 10. Bg5 Be7 11. Bxe7 Qxe7 12. 0-0-0 d5 13. exd5 Nf6 14. dxc6 Bxc6 15. Qd6 Be4 16. Nxe4 Nxe4 17. Qc6+ Kf7 18. Nxe5+ Qxe5 19. Rd7+ Qe7 20. Qd5+ Kf6 21. Rxe7 Kxe7 22. Qb7+ Kf6 23. Qa6+ Kg7 24. f3 Nc5 25. Qd6 Rhc8 26. Kb1 h5 27. Rc1 1-0